000
00196 a2200109 4500
020
_a
9789992237946
041
_a
spa
100
_a
Santillana
245
_a
Ortografia
942
_c
BK
952
_7
1
999
_c
21414
_d
21414